000 00476nam a2200169Ia 4500
003 IN-BaIIA
008 211028s9999 xx 000 0 eng d
040 _cIIA Library
080 _a551.583(73)
_bMOO
100 _aGarriott Edward B.
_9450
245 0 _aCold waves and frosts in the United States
_cEdward B. Garriott
260 _aWashington
_bWeather Bureau
_c1906
300 _a22p.
650 _aAstronomy and Astrophysics Thesaurus
650 _aWeather
_9451
942 _cBK
999 _c233
_d233